000 00244nam a2200109 a 4500
005 20140414132013.0
008 110314s19uu xx 00 eng d
050 _aTR
_bAL1 1990
245 _aAladdin.
260 _bWalt Disney.
999 _c113326
_d113326